ბათუმის შოთა რუსთაველის სახელმწიფო უნივერსიტეტის ბიბლიოთეკა

ქართული ენა და ლიტერატურა.1-6 კლასის მასწავლებელთათვის (ბიბ.ჩანაწერი № 43796)

000 -LEADER
fixed length control field 01176nam a2200253Ia 4500
001 - CONTROL NUMBER
control field 10541
003 - CONTROL NUMBER IDENTIFIER
control field GE_BSU
008 - FIXED-LENGTH DATA ELEMENTS--GENERAL INFORMATION
fixed length control field 181216s||||||||xx |||||||||||||| ||und||
020 ## - INTERNATIONAL STANDARD BOOK NUMBER
International Standard Book Number 97899419356
040 ## - CATALOGING SOURCE
Transcribing agency GE_BSU
080 ## - UNIVERSAL DECIMAL CLASSIFICATION NUMBER
Universal Decimal Classification number 811.353.1+821.353.1+331.547
100 ## - MAIN ENTRY--PERSONAL NAME
Personal name ხაზარაძე,ნათელა
245 ## - TITLE STATEMENT
Title ქართული ენა და ლიტერატურა.1-6 კლასის მასწავლებელთათვის
245 ## - TITLE STATEMENT
Remainder of title თეორიული საკითხები,ტესტები,ლიტერატურის თეორიის ლექსიკონი
260 ## - PUBLICATION, DISTRIBUTION, ETC.
Place of publication, distribution, etc. თბილისი
260 ## - PUBLICATION, DISTRIBUTION, ETC.
Name of publisher, distributor, etc. უსტარი
260 ## - PUBLICATION, DISTRIBUTION, ETC.
Date of publication, distribution, etc. 2014
300 ## - PHYSICAL DESCRIPTION
Extent 100გვ.24სმ.
300 ## - PHYSICAL DESCRIPTION
Accompanying material ბიბლიოგრ. გვ.100
653 ## - INDEX TERM--UNCONTROLLED
Uncontrolled term ქართული ენა და ლიტერატურა
653 ## - INDEX TERM--UNCONTROLLED
Uncontrolled term ქართული ენისა და ლიტერატურის მასწავლებლის სასერტიფიკაციო გამოცდის პროგრამა(1-6)
942 ## - ADDED ENTRY ELEMENTS (KOHA)
Koha item type წიგნი
ეგზემპლარები
Withdrawn status Lost status Damaged status Not for loan Date acquired Barcode Date last seen Price effective from Koha item type
        2018-12-17 34431 2018-12-17 2018-12-17 წიგნი
        2018-12-17 34432 2018-12-17 2018-12-17 წიგნი
        2018-12-17 34433 2018-12-17 2018-12-17 წიგნი
        2018-12-17 34434 2018-12-17 2018-12-17 წიგნი
        2018-12-17 34435 2018-12-17 2018-12-17 წიგნი
        2018-12-17 41114 2018-12-17 2018-12-17 წიგნი
        2018-12-17 41115 2018-12-17 2018-12-17 წიგნი
        2018-12-17 41116 2018-12-17 2018-12-17 წიგნი
        2018-12-17 41117 2018-12-17 2018-12-17 წიგნი
        2018-12-17 41118 2018-12-17 2018-12-17 წიგნი
        2018-12-17 41119 2018-12-17 2018-12-17 წიგნი
        2018-12-17 41120 2018-12-17 2018-12-17 წიგნი
        2018-12-17 41121 2018-12-17 2018-12-17 წიგნი
        2018-12-17 41122 2018-12-17 2018-12-17 წიგნი
        2018-12-17 41123 2018-12-17 2018-12-17 წიგნი
        2018-12-17 47394 2018-12-17 2018-12-17 წიგნი
        2018-12-17 47395 2018-12-17 2018-12-17 წიგნი
        2018-12-17 47396 2018-12-17 2018-12-17 წიგნი
        2018-12-17 47397 2018-12-17 2018-12-17 წიგნი
        2018-12-17 47398 2018-12-17 2018-12-17 წიგნი
        2018-12-17 47873-6ლ.30თ. 2018-12-17 2018-12-17 წიგნი
        2018-12-17 47874-6ლ.30თ. 2018-12-17 2018-12-17 წიგნი
        2018-12-17 47875-6ლ.30თ. 2018-12-17 2018-12-17 წიგნი
        2018-12-17 47876-6ლ.30თ. 2018-12-17 2018-12-17 წიგნი
        2018-12-17 47877-6ლ.30თ. 2018-12-17 2018-12-17 წიგნი
        2018-12-17 47878-6ლ.30თ. 2018-12-17 2018-12-17 წიგნი
        2018-12-17 47879-6ლ.30თ. 2018-12-17 2018-12-17 წიგნი
        2018-12-17 47880-6ლ.30თ. 2018-12-17 2018-12-17 წიგნი
        2018-12-17 47881-6ლ.30თ. 2018-12-17 2018-12-17 წიგნი
        2018-12-17 47882-6ლ.30თ. 2018-12-17 2018-12-17 წიგნი